Conjugaison du verbe "aller" - Statistiques

Statistiques générales
  • Ce quiz a été pris 949 fois
  • Le résultat moyen est 36 sur 47
Statistiques - réponses
Mode Temps Personne Présent % Correct
Participe Passé allé
99%
Indicatif Présent Nous allons
99%
Impératif Présent allons
99%
Indicatif Présent Il/elle/on va
99%
Impératif Présent va
99%
Indicatif Présent Je vais
98%
Indicatif Présent Tu vas
98%
Indicatif Présent Vous allez
97%
Impératif Présent allez
97%
Indicatif Présent Ils/elles vont
96%
Indicatif Passé simple Il/elle/on alla
94%
Indicatif Passé simple J' allai
93%
Indicatif Imparfait Vous alliez
92%
Subjonctif Présent Que vous alliez
92%
Indicatif Imparfait Nous allions
92%
Subjonctif Présent Que nous allions
92%
Indicatif Imparfait J' allais
91%
Indicatif Imparfait Tu allais
91%
Indicatif Futur simple Il/elle/on ira
90%
Indicatif Imparfait Il/elle/on allait
89%
Indicatif Futur simple J' irai
89%
Indicatif Futur simple Nous irons
88%
Indicatif Imparfait Ils/elles allaient
87%
Indicatif Futur simple Tu iras
87%
Indicatif Futur simple Vous irez
87%
Indicatif Passé simple Tu allas
85%
Indicatif Futur simple Ils/elles iront
84%
Indicatif Passé simple Nous allâmes
73%
Subjonctif Imparfait Qu'il/elle/on allât
72%
Subjonctif Présent Que j' aille
70%
Subjonctif Présent Qu'il/elle/on aille
70%
Indicatif Passé simple Vous allâtes
70%
Indicatif Passé simple Ils/elles allèrent
70%
Subjonctif Présent Que tu ailles
69%
Conditionnel Présent Je irais
66%
Conditionnel Présent Tu irais
66%
Subjonctif Présent Qu'ils/elles aillent
64%
Conditionnel Présent Vous iriez
63%
Conditionnel Présent Nous irions
63%
Conditionnel Présent Il/elle/on irait
60%
Conditionnel Présent Ils/elles iraient
53%
Participe Présent allant
42%
Subjonctif Imparfait Que j' allasse
24%
Subjonctif Imparfait Que tu allasses
23%
Subjonctif Imparfait Qu'ils/elles allassent
18%
Subjonctif Imparfait Que vous allassiez
18%
Subjonctif Imparfait Que nous allassions
18%
Aucun quiz correspondant
Distribution des résultats
% des personnes avec chaque résultat
Percentile par nombre de réponses
Votre historique - résultats
Vous n’avez pas pris ce quiz